Stanisław Leszczyński: Sarmata i Europejczik

Titel: Stanisław Leszczyński: Sarmata i Europejczik : 1677 - 1766 / Maciej Forycki
Verfasser:
Ausgabe: Wyd. 1
Veröffentlicht: Poznań : Wydawn. WBPiCAK, 2006
Umfang: 224 Seiten : Illustrationen
Format: Buch
Sprache: Polnisch
Schriftenreihe/
mehrbändiges Werk:
Biblioteka "Kroniki Wielkopolski"
Schlagworte:
ISBN: 8387816884
Buchumschlag
X
alg: 18334388
001A    $00077:19-12-06 
001B    $03025:12-03-26 $t09:32:02.000 
001D    $00077:15-05-07 
001U    $0utf8 
001X    $00 
002@    $0Aau 
002C    $aText $btxt $2rdacontent 
002C    $aunbewegtes Bild $bsti $2rdacontent 
002D    $aohne Hilfsmittel zu benutzen $bn $2rdamedia 
002E    $aBand $bnc $2rdacarrier 
003@    $0183343883 
003O    $076342883 $aOCoLC 
004A    $083-87816-88-4 
007A    $0183343883 $aHEB 
010@    $apol 
011@    $a2006 
013D    $RBiograf $RLebenslauf $RBiografik $#Biography $#Biography as a literary form $#Biographies $#Biografie $#Biografía $#biographies $#Biographie $#Biographie $#Biographie $#Biographisches Nachschlagewerk $#Lebensbeschreibung $#Berühmte Persönlichkeit Biografie $#Biografisches Nachschlagewerk $74006804-3 $8Biografie [Tsz] $9085010375 
021A    $aStanisław Leszczyński: Sarmata i Europejczik $d1677 - 1766 $hMaciej Forycki 
028A    $BVerfasser $4aut $7130479780 $8Forycki, Maciej$Z1974- [Tp3] $9160649293 
032@    $aWyd. 1 
033A    $pPoznań $nWydawn. WBPiCAK 
034D    $a224 Seiten 
034M    $aIllustrationen 
036G    $aBiblioteka "Kroniki Wielkopolski" 
044K    $RKatarzyna $RMaria $#Stanislaus  I. $#Stanisław  I. $#Stanislaus  I. $#Stanislaus  $#Stanislaus  I. $#Stanislaus  I. $#Stanislas  $#Stanislas  I. $#Stanislas  I. $#Stanislas  $#Stanislaus $#Stanislaus  $#Stanislaus  $#Stanislaus  I. $#Stanisław  I. $#R. D. P. D. D. L. E. D. B**r. $#D. K. V. P. U. H. V. L. U. B**r $#K. V. P. U. H. V. L. U. B**r $#Stanislaus  $#Leckzinsky, Stanislaus $#Leskzinsky, Stanislaus $#Lescinski, Stanislaus $#Leczinski, Stanislas $#Leczinsky, Stanislaus $#Leszcinski, Stanislaus $#Leszinski, Stanislas $#Leszinsky, Stanislaus $#Leszczyński, Stanislas $#Leszczyński, Stanislaus $#Leszczynsky, Stanislaus $#Leszczyński, Stanisław $#Leszynski, Stanislaus $#Leszynsky, Stanislaus $#Leszynsky, Stanislaw $#Leszczyński, Stanisław Bogusław $#Leszcynski, Stanislaus $#Leszczynski, Stanislaus $#Leschinzky, Nicolai $#Leszczynius, Stanislaus $#Stanisław  $#Leckzinski, Stanislas $#Lescinsky, Stanislaus $#Leszczinski, Stanislaw $#Leszczinski, Stanislaus $#Stanisław Leszczy´nski  I. $#Leszczyński, Stanisław Frankreich und Polen, König $#Stanislaus  1. $#Stanislas  1. $#Stanislaw Leszczy´nski  I. $#Stanisław Leszczyński  I. $#Stanislas  I. $#Leszczyński, Stanisław Roi, France, Pologne $#Leszczyński, Stanisław King, France, Poland $#Stanislaus I.  $#Stanislaus I.  $#Stanislaus  $#Stanislaus  I. $#Stanisław  I. $#Stanislaus  I. $#Stanislaus Leszczinski  $7118752715 $8$PStanisław$nI.$lPolen, König$Z1677-1766 [Tp1] $9087093413 
045F    $a909 $eDDC23BSB 
045F/01 $a909 
045F/03 $f09033 
045F/03 $g438 

lok: 18334388 24

exp: 18334388 24 1 #EPN
201B/01 $006-06-17 $t12:12:09.000 
201C/01 $001-06-17 
201U/01 $0utf8 
203@/01 $0100013119X 
208@/01 $a01-06-17 $bz 
209A/01 $a17.02794 $du $f050 $h17 02794 $x00 
209C/01 $a17.02794 K $h17 02794 K 
209G/01 $a73803748 $x00 
220C/01 $aho-sz 
247C/01 $8358050-7 Marburg, Bibliothek des Herder-Instituts Marburg $9102600961 

lok: 18334388 25

exp: 18334388 25 1 #EPN
201B/01 $011-12-25 $t13:30:04.000 
201C/01 $019-12-06 
201U/01 $0utf8 
203@/01 $0498028143 
208@/01 $a15-05-07 $bzis 
209A/01 $aMea 1150 $dd $f092 $x00 
209C/01 $a22/07 
209G/01 $a71027432 $x00 
209G/01 $aOsteuropäische Geschichte $x01 
247C/01 $8651092-9 <77/092>Mainz, Universität Mainz, Bereichsbibliothek Philosophicum, Standort Osteuropäische Geschichte $9102600414 

lok: 18334388 78

exp: 18334388 78 1 #EPN
201B/01 $012-03-26 $t09:32:02.000 
201C/01 $030-04-19 
201U/01 $0utf8 
203@/01 $01050477340 
208@/01 $a12-03-26 $be 
209A/01 $a/ $f000 $x00 
209A/01 $ab*p $x01 
220C/01 $apgar 
244Z/01 $#Generalgouvernement Polen $#Polska $#Rzeczpospolita Polska $#Polska Rzeczpospolita Ludowa $#Poland $#Pologne $#République Polonaise $#Generalne Gubernatorstwo w Polsce $#Polish People's Republic $#Polska Rzeczpospolita Polen $#PRL $#RP $#Polen Generalgouvernement $#Polska Generalgouvernement $#Besetzte Polnische Gebiete $#Besetztes Gebiet in Polen $#Okupowane Polskie Obszary $#Obszary Okupowane w Polsce $#Volksrepublik Polen $#Polska Rosyjska $#Republic Polen $#Respublika Pol'ša $#Pol'skaja Narodnaja Respublika $#République de Pologne $#Polen Links der Weichsel $#Polska po Lewej Stronie Wisły $#Lenkija $#Polija $#Gubernija Carstva Pol'skago $#Republik Polen $74046496-9 $8--Tg1--Polen $x01 $9085129801 
247C/01 $82080>Marburg/Lahn, Herder-Institut, Forschungsbibliothek, Bibliographieportal $9336309341
LEADER 00000cam a2200000 c 4500
001 183343883
003 DE-603
005 20260312093202.0
007 tu
008 061219s2006 xx |||| | u00||u|pol c
020 |a 8387816884 
035 |a (DE-599)HEB183343883 
035 |a (OCoLC)76342883 
040 |a DE-603  |b ger  |c DE-603  |d DE-603 
041 |a pol 
082 0 4 |8 1\u  |a 909  |q DE-101  |2 23/BSB 
085 |8 1\u  |b 909 
085 |8 1\u  |z 1  |s 09033 
085 |8 1\u  |z 2  |s 438 
100 1 |a Forycki, Maciej  |d 1974-  |e Verfasser  |4 aut  |0 (DE-603)160649293  |0 (DE-588)130479780  |2 gnd 
245 0 0 |a Stanisław Leszczyński: Sarmata i Europejczik  |b 1677 - 1766  |c Maciej Forycki 
250 |a Wyd. 1 
264 1 |a Poznań  |b Wydawn. WBPiCAK  |c 2006 
300 |a 224 Seiten  |b Illustrationen 
336 |a Text  |b txt  |2 rdacontent 
336 |a unbewegtes Bild  |b sti  |2 rdacontent 
337 |a ohne Hilfsmittel zu benutzen  |b n  |2 rdamedia 
338 |a Band  |b nc  |2 rdacarrier 
490 0 |a Biblioteka "Kroniki Wielkopolski" 
600 0 7 |a Stanisław  |b I.  |c Polen, König  |d 1677-1766  |0 (DE-588)118752715  |0 (DE-603)087093413  |2 gnd 
655 7 |a Biografie  |2 gnd-content  |0 (DE-588)4006804-3  |0 (DE-603)085010375 
924 0 |9 Mb 50  |a (DE-603)100013119X  |b DE-Mb50  |c HES  |d c  |g 17.02794 
924 0 |9 77/092  |a (DE-603)498028143  |b DE-77-092  |c HES  |d d  |g Mea 1150 
924 0 |9 2080  |a (DE-603)1050477340  |b DE-2080  |c HES  |d d  |g /